Sexualitäten - Quiz - LGBTQ+ - Statistiken

Allgemein
  • Dieses Quiz wurde 2.151 mal gespielt
  • Das Durchschnittsergebnis liegt bei 4 aus 7
Antwortstatistiken
Beschreibung Sexualität % Korrekt
Anziehung zu einem anderen Geschlecht: Heterosexuell
98%
Anziehung zu zwei Geschlechtern: Bisexuell
95%
Anziehung zum gleichen Geschlecht: Homosexuell
95%
Anziehung zu allen Geschlechtern: Pansexuell
73%
Wenig bis gar keine sexuelle Anziehung: Asexuell
72%
Anziehung zu männlichen Personen: Androsexuell
5%
Anziehung zu weiblichen Personen: Gynosexuell
4%
Keine übereinstimmenden Quizze gefunden
Verteilung der Resultate
Anzahl Personen mit jedem Resultat
Perzentil nach korrekt beantworteten Fragen
Ihre Resultats-Entwicklung
Sie haben dieses Quiz noch nicht gespielt